Did these NFL players win the superbowl - Statistics

General Stats
  • This quiz has been taken 94 times
  • The average score is 8 of 11
Answers on the Grid
Answers color-coded by a green-red scale on the quiz's grid according to % correct below.
Tom Brady
Joe Flacco
Justin Jefferson
Kadarius Toney
Dan Marino
Randy Moss
Jalen Hurts
Aaron Rodgers
Russell Wilson
Rob Gronkowski
Adrian Peterson
Saquon Barkley
LaDainian Tomlinson
Josh Allen
Randall Cunningham
Eli Manning
Jared Goff
Antonio Brown
Steve McNair
Jerry Rice
 
Answer Stats
Answer % Correct
Tom Brady
100%
Joe Flacco
93%
Jalen Hurts
73%
Aaron Rodgers
70%
Rob Gronkowski
66%
Eli Manning
64%
Kadarius Toney
63%
Russell Wilson
63%
Jerry Rice
61%
Saquon Barkley
59%
Antonio Brown
41%
No matching quizzes found
Score Distribution
Percent of People with Each Score
Percentile by Number Answered
Your Score History
You have not taken this quiz